000 00837cam a22001814a 4500
005 20250605164401.0
008 250528s ||||||||||||||||||||||||d
035 _a24589
040 _aGR-AtMCL
_bgre
_dGR-AtMCL
_eAACR2
245 1 _aBSS: Συμβάλλουμε Καθοριστικά στο Αναπτυξιακό Μέλλον των Επιχειρήσεων
260 _bFinance Pro,
_c2022
300 _a66
520 _aΔημήτρης Σκάλκος: Το Τέλος της Πανδημίας θα βρει την Ελληνική Οικονομία σε Θέση Ισχύος, Αντ΄ψνης Σεγρέδος: Οι Αλλεπάλληλες Αλλαγές Αποτελούν τη Νέα Κανονικότητα.
700 1 _aΜπούσιας Μιχάλης Κ
_99357
942 _cCR
999 _c9459
_d9459